[Event "Sachsen-ch"]
[Site "Gruenheide"]
[Date "1997.??.??"]
[Round "?"]
[White "Schunk, Thomas"]
[Black "Teumer, Joerg"]
[Result "1-0"]
[WhiteElo "2300"]
[BlackElo "2255"]

1.c4 e5 2.g3 Nc6 3.Bg2 d6 4.Nc3 Be6 5.d3 Qd7 6.Nd5 Nd8 7.e4 g6 8.f4 c6 9.Ne3 Bg7
10.Nf3 exf4 11.gxf4 Bh3 12.O-O Bxg2 13.Nxg2 Ne7 14.d4 O-O 15.Qd3 d5 16.Ne5 Qd6
17.Nh4 dxe4 18.Qxe4 f5 19.Qd3 Ne6 20.Be3 Rad8 21.Nhf3 Qc7 22.Qc3 Nc8 23.Rad1 Ne7
24.Rd3 Qd6 25.Rfd1 Nc7 26.Qd2 b6 27.h4 Ne8 28.Qg2 Nf6 29.b3 Ne4 30.Ng5 Nxg5
31.hxg5 Bxe5 32.fxe5 Qe6 33.Bf4 Qc8 34.d5 cxd5 35.cxd5 Qc5+ 36.Kh1 Rfe8 37.Be3 Qb5
38.Bf4 Qc5 39.Qf3 Nc8 40.d6 Rxe5 41.b4 Qb5 42.a4 Qe8 43.Bxe5 Qxe5 44.Re3 Qg7
45.Qd5+ Kf8 46.Re7 Qg8 47.Qe5  1-0

[Event "Perenyi  Memorial"]
[Site "Gyula"]
[Date "1997.??.??"]
[Round "1"]
[White "Ruck, Robert"]
[Black "Bezold, Michael"]
[Result "1/2-1/2"]
[WhiteElo "2450"]
[BlackElo "2500"]

1.c4 e5 2.g3 Nf6 3.Bg2 Nc6 4.Nc3 Bc5 5.e3 O-O 6.Nge2 d6 7.O-O a6 8.b3 Ba7
9.d4 exd4 10.Nxd4 Nxd4 11.exd4 Rb8 12.a4 Re8 13.Bf4 Bf5 14.Qd2 Ne4 15.Nxe4 Bxe4
16.Rfe1 Bxg2 17.Kxg2 Qf6  1/2-1/2

[Event "Perenyi  Memorial"]
[Site "Gyula"]
[Date "1997.??.??"]
[Round "13"]
[White "Bezold, Michael"]
[Black "Gonzales, G."]
[Result "1/2-1/2"]
[WhiteElo "2500"]
[BlackElo "2475"]

1.c4 e5 2.g3 Nf6 3.Bg2 Nc6 4.Nc3 Bb4 5.Nd5 Bc5 6.a3 a6 7.e3 d6 8.Ne2 Ba7
9.O-O O-O 10.h3 Bd7 11.b3 Rb8 12.Bb2 Nxd5 13.cxd5 Ne7 14.Kh2 c6 15.f4 f6
16.Nc3 cxd5 17.Nxd5  1/2-1/2

[Event "Hanham op"]
[Site "Hanham"]
[Date "1997.??.??"]
[Round "2"]
[White "Buckley, David"]
[Black "Ansell, Simon"]
[Result "0-1"]
[WhiteElo "2115"]
[BlackElo "2390"]

1.g3 e5 2.c4 d6 3.Bg2 f5 4.d4 Nf6 5.dxe5 dxe5 6.Qxd8+ Kxd8 7.Bg5 Bb4+ 8.Nd2 Ke7
9.O-O-O c6 10.a3 Bc5 11.Nh3 Be6 12.Rhe1 Nd7 13.e4 Kf7 14.exf5 Bxf5 15.Bxf6 gxf6
16.Ne4 Be7 17.Nd6+ Bxd6 18.Rxd6 Nc5 19.Re3 Rad8 20.Rd2 Nd3+ 21.Kd1 Nxb2+
22.Ke2 Rxd2+ 23.Kxd2 Nxc4+  0-1

[Event "SWE-ch"]
[Site "Haninge"]
[Date "1997.??.??"]
[Round "5"]
[White "Ziegler, Ari"]
[Black "Astrom, Robert"]
[Result "1/2-1/2"]
[WhiteElo "2455"]
[BlackElo "2450"]

1.c4 e5 2.g3 Nf6 3.Bg2 Nc6 4.Nc3 Bb4 5.Nd5 Be7 6.d3 O-O 7.e3 Nxd5 8.cxd5 Bb4+
9.Bd2 Bxd2+ 10.Qxd2 Ne7 11.Ne2 c6 12.Qc3 d6 13.dxc6 Nxc6 14.d4 Bg4 15.f3 Be6
16.Kf2 Rc8 17.Qd2 exd4 18.exd4 Qb6 19.Rhd1 Ne5 20.b3 Bf5 21.g4 Bc2 22.Rg1 Nd3+
23.Kg3 f5 24.gxf5 Nb4 25.Rac1 Bxf5 26.Rxc8 Rxc8 27.Bh3 Bxh3 28.Kxh3 Rf8 29.Rg3 d5
30.Kg2 Qe6 31.Nf4 Qd6 32.Nd3 Nxd3 33.Qxd3 Qf4 34.Rg4 Qf6 35.Kf2 Rc8 36.Rg1 Qf4
37.Kg2 Rf8 38.Re1 h6 39.Qe3 Qh4 40.Re2 Kh8 41.Qe5 Qd8 42.Qe7 Qc8 43.Qe5 Qd7
44.a4 Qf7 45.Re3 Qg6+ 46.Kf2 Qc2+ 47.Kg3 Rf6 48.Qe8+ Kh7 49.Re6 Qc7+ 50.Kg2 Rf7
51.Re2 Qf4 52.Qe3 Qf5 53.Qc3 Rf6 54.Qc2 Rg6+ 55.Kf2 Qf4 56.Qd3 Qxh2+ 57.Ke3 Qg3
58.Kd2 Qf4+ 59.Kc2 Qg5 60.Re5 Qg2+ 61.Kc3 Kg8 62.Rxd5 Rf6 63.Rf5 Qg6 64.Rxf6 Qxd3+
65.Kxd3 gxf6 66.Ke4 Kf7 67.Kf5 h5 68.a5 b5 69.axb6 axb6 70.Kf4 Ke6 71.Kg3 Kd5
72.Kh4 Kxd4 73.Kxh5 Ke3 74.Kg4 b5 75.b4 Kd4 76.Kf5 Kc4 77.Kxf6  1/2-1/2

[Event "Heart of Finland op"]
[Site "?"]
[Date "1997.??.??"]
[Round "2"]
[White "Seppanen, Asko"]
[Black "Solozhenkin, Evgeniy"]
[Result "0-1"]
[WhiteElo "2235"]
[BlackElo "2510"]

1.c4 e5 2.g3 Nf6 3.Bg2 d5 4.cxd5 Nxd5 5.Nc3 Nb6 6.Nf3 Nc6 7.O-O Be7 8.d3 O-O
9.a3 Be6 10.b4 f6 11.Nd2 Qd7 12.Nde4 Rab8 13.Rb1 Nd4 14.Be3 Rfe8 15.Re1 Nd5
16.Bd2 b6 17.e3 Nxc3 18.Bxc3 Nb5 19.Bb2 Red8 20.Qc2 c6 21.Red1 Bd5 22.a4 Nc7
23.Ba3 Rbc8 24.d4 f5 25.Nc3 Bxg2 26.Kxg2 exd4 27.Rxd4 Qe6 28.Rbd1 Rxd4 29.Rxd4 a5
30.Ne2 axb4 31.Nf4 Qf7 32.Bxb4 c5 33.Rc4 g5 34.Ne2 cxb4 35.Rxc7 Rxc7 36.Qxc7 Qd5+
37.f3 Bc5 38.Nd4 g4 39.Qf4 Bxd4 40.Qb8+ Kg7 41.exd4 Qxf3+ 42.Kg1 Qd1+ 43.Kg2 Qd2+
44.Kf1 Qxd4 45.Qc7+ Kg6 46.Qc6+ Kg5 47.Qe6 Qf6 48.Qg8+ Kh6 49.Qb8 f4 50.gxf4 b3
51.Qg8 b2  0-1

[Event "Heart of Finland op"]
[Site "?"]
[Date "1997.??.??"]
[Round "6"]
[White "Seppanen, Asko"]
[Black "Laine, Heikki"]
[Result "0-1"]
[WhiteElo "2235"]
[BlackElo "2230"]

1.c4 e5 2.g3 Nf6 3.Bg2 c6 4.Nf3 e4 5.Nd4 d5 6.cxd5 Qb6 7.e3 cxd5 8.O-O Nc6
9.Nxc6 bxc6 10.b3 Ba6 11.Re1 h5 12.Bb2 h4 13.Nc3 Bd6 14.Bf1 Bxf1 15.Rxf1 Qc7
16.Kg2 Qd7 17.Rh1 Qf5 18.Qe2 h3+ 19.Kf1 Ng4 20.Nd1 O-O 21.Rc1 Rac8 22.Ke1 c5
23.Qf1 d4 24.Qxh3 Qf3 25.Qf1 Ne5 26.d3 c4 27.Bxd4 Nxd3+ 28.Kd2 Nxc1 29.Kxc1 cxb3+
30.Kb2 bxa2 31.Kxa2 Rc2+ 32.Kb3 Rd2 33.Kc3 Rd3+ 34.Kc2 Rc8+ 35.Kb1 Rb8+ 36.Nb2 Ba3  0-1

[Event "Highgate Masters"]
[Site "Highgate"]
[Date "1997.??.??"]
[Round "5"]
[White "Siebrecht, Sebastian"]
[Black "Richardson, John R"]
[Result "1/2-1/2"]
[WhiteElo "2370"]
[BlackElo "2260"]

1.c4 e5 2.g3 d6 3.Bg2 g6 4.d4 Bg7 5.Nf3 Nd7 6.O-O Ngf6 7.Nc3 O-O 8.e4 c6
9.d5 c5 10.Rb1 Ne8 11.Bg5 f6 12.Be3 Nb6 13.Qd3 f5 14.b4 f4 15.bxc5 fxe3 16.cxb6 exf2+
17.Rxf2 axb6 18.Qe3 Qc7 19.Ng5 Qc5 20.Rxf8+ Bxf8 21.Qxc5 bxc5 22.Bh3 Bxh3
23.Nxh3 Bh6 24.Rxb7 Be3+ 25.Kg2 Bd4 26.Nb5 Rxa2+ 27.Kf3 h6 28.Re7 Kf8 29.Re6 Rxh2
30.Nxd4 cxd4 31.Nf2 g5 32.c5 dxc5 33.d6 Nxd6 34.Rxd6 c4 35.Ng4 Rh1 36.Nxe5 c3
37.Rc6 Re1 38.Kg4 Rxe4+ 39.Kf5 Re1 40.Kf6 Rf1+ 41.Ke6 h5 42.Rc7 h4 43.g4 h3
44.Ng6+ Kg8 45.Ne7+ Kh8 46.Nf5 h2 47.Rc8+ Kh7 48.Rc7+ Kh8 49.Rc8+ Kh7 50.Rc7+ Kh8  1/2-1/2

[Event "CZE-ch U16"]
[Site "Hradec Kralove"]
[Date "1997.??.??"]
[Round "2"]
[White "Schwarz, Michael"]
[Black "Jacko, Tomas"]
[Result "0-1"]
[WhiteElo "2395"]
[BlackElo "2165"]

1.c4 e5 2.g3 Nf6 3.Bg2 d5 4.cxd5 Nxd5 5.Nc3 Nb6 6.Nf3 Nc6 7.a3 a5 8.b3 Be7
9.Bb2 O-O 10.O-O f6 11.Qc2 Bg4 12.Rfd1 Bxf3 13.Bxf3 Nd4 14.Qb1 Nxf3+ 15.exf3 Kh8
16.Qc2 c5 17.Ne2 Nd5 18.Qc4 Qd6 19.Nc3 Rfd8 20.d3 Nxc3 21.Bxc3 h6 22.a4 Qc6
23.Qe4 Qc7 24.Rac1 Qb6 25.Qc4 Qd6 26.Bb2 b6 27.Qe4 Ra7 28.Rc4 Rad7 29.Bc1 Bf8
30.f4 Qd5 31.fxe5 Qxe5 32.Qxe5 fxe5 33.Rc3 e4 34.Kf1 exd3 35.Be3 Be7 36.Ke1 Bg5
37.f4 Bf6 38.Rcc1 Bb2 39.Rc4 Ba3 40.Kf2 Bb2 41.Rd2 Ba3 42.Rd1 d2 43.Ke2 Bb4
44.Rc2 Re8 45.Kf2 Rde7 46.Bxd2 Re2+  0-1

[Event "CZE-ch U16"]
[Site "Hradec Kralove"]
[Date "1997.??.??"]
[Round "9"]
[White "Schwarz, Michael"]
[Black "Horak, Josef"]
[Result "1-0"]
[WhiteElo "2395"]
[BlackElo "2360"]

1.c4 e5 2.g3 Nf6 3.Bg2 d5 4.cxd5 Nxd5 5.Nc3 Nb6 6.Nf3 Nc6 7.O-O Be7 8.a3 a5
9.b3 O-O 10.d3 Bf5 11.Bb2 Bf6 12.Rc1 Re8 13.Ne4 Bxe4 14.dxe4 Qe7 15.e3 Rad8
16.Qc2 Rd7 17.Rfd1 Red8 18.Bh3 Rd6 19.Nd2 g6 20.Nb1 Bg7 21.Nc3 f6 22.Nb5 Rxd1+
23.Rxd1 Rxd1+ 24.Qxd1 Nd8 25.Qd2 Nc6 26.Nc3 Qd8 27.Qxd8+ Nxd8 28.Nd5 Nxd5
29.exd5 e4 30.Bc3 b6 31.f3 exf3 32.e4 Nf7 33.Be6 Kf8 34.Bxf7 Kxf7 35.Kf2 Bf8
36.b4 axb4 37.Bxb4 Bxb4 38.axb4 c5 39.dxc6 Ke7 40.b5 Kd6 41.Kxf3 h6 42.g4 g5
43.Kg3 Ke6 44.h4 Kd6 45.h5  1-0

[Event "HUN-chT2 9798"]
[Site "HUN"]
[Date "1997.??.??"]
[Round "?"]
[White "Kahan, Robert"]
[Black "Kaman, Attila"]
[Result "1-0"]
[WhiteElo "2215"]
[BlackElo "2190"]

1.c4 e5 2.g3 d6 3.Bg2 f5 4.Nc3 Nf6 5.d3 Be7 6.e4 c6 7.Nge2 O-O 8.O-O Be6
9.b3 d5 10.cxd5 cxd5 11.exf5 Bxf5 12.d4 e4 13.Nf4 Bb4 14.Bb2 Nc6 15.a3 Ba5
16.b4 Bc7 17.Qd2 Qd7 18.Rac1 Bxf4 19.Qxf4 Nxd4 20.Rcd1 Nf3+ 21.Bxf3 exf3
22.Qxf3 d4 23.Ne2 d3 24.Bxf6 Rxf6 25.Nf4 Rd8 26.Rd2 Ra6 27.Ra1 Qd4 28.Qd1 g5
29.Ng2 Bg4 30.Qe1 Re6 31.Ne3 Bf3 32.Raa2 Qe4 33.Qb1 Rh6 34.Qb3+ Kf8 35.Ra1 Qg6
36.Qc3 Rd7 37.Re1 Qf6 38.Qc8+ Rd8 39.Qc5+ Kg8 40.Nf5 Rh3 41.Qc4+ Kf8 42.Rxd3 Rxd3
43.Qxd3 Bg4 44.Qd7 Bh5 45.Qc8+  1-0

[Event "HUN-chT2 9798"]
[Site "HUN"]
[Date "1997.??.??"]
[Round "?"]
[White "Kaposztas, Miklos"]
[Black "Kovacs, Gabor M"]
[Result "1/2-1/2"]
[WhiteElo "2330"]
[BlackElo "2285"]

1.c4 e5 2.g3 g6 3.Bg2 Bg7 4.Nc3 Ne7 5.e3 Nbc6 6.Nge2 O-O 7.O-O d6 8.d3 Be6
9.Nd5 Qd7 10.Rb1 Nd8 11.b4 c6 12.Nxe7+ Qxe7 13.b5 cxb5 14.Rxb5 Bd7 15.Rb1 Bc6
16.Nc3 Bxg2 17.Kxg2 Ne6 18.Ba3 Rfd8 19.Nd5 Qd7 20.f4 exf4 21.exf4 Nd4 22.Bb2 Re8
23.Bxd4 Bxd4 24.Qf3 b6 25.Rbe1 Rxe1 26.Rxe1 Re8 27.Re4 Bg7 28.f5 gxf5 29.Qxf5 Re6
30.h4 h6 31.g4 Kh8 32.g5 Qa4 33.Qxf7 Rxe4 34.dxe4 Qc2+ 35.Kg3 Qxe4 36.Nf4 hxg5
37.hxg5 Be5 38.Qf8+ Kh7 39.Kg4 Bxf4 40.Qf7+ Kh8 41.Qxf4 Qe6+ 42.Kh5 Kh7 43.Qg4 Qg6+
44.Kh4 a6 45.Qd7+ Kg8 46.Qc8+ Kf7 47.Qb7+ Ke6 48.Qd5+ Ke7 49.Kg4 Qc2 50.Qb7+ Ke6
51.Qc8+ Ke7  1/2-1/2

[Event "Klatovy op-A"]
[Site "Klatovy"]
[Date "1997.??.??"]
[Round "?"]
[White "Kuljabin, Vadim"]
[Black "Cisler, Petr"]
[Result "1-0"]
[WhiteElo "2360"]
[BlackElo "2165"]

1.c4 e5 2.g3 Nc6 3.Bg2 Bc5 4.Nc3 d6 5.e3 Nf6 6.Nge2 Bf5 7.d4 Bb6 8.b4 a6
9.c5 Ba7 10.Bxc6+ bxc6 11.dxe5 Ne4 12.exd6 cxd6 13.Qd4 Ng5 14.Qf4 Bh3 15.Ne4 Nxe4
16.Qxe4+ Kf8 17.Bb2 d5 18.Qd4 f6 19.Nf4 Qd7 20.O-O-O Bg4 21.Rd2 Bb8 22.e4 Bxf4
23.gxf4 Re8 24.e5 fxe5 25.fxe5 Be6 26.Rg1 Re7 27.Qh4 Rf7 28.Rd3 Qe7 29.Qg3 g6
30.h4 Rf5 31.Ra3 Qb7 32.Bc3 Kg7 33.Qd3 Ra8 34.Ra5 Kf7 35.Qe3 Kg7 36.Qe2 d4
37.Bd2 Qf7 38.Qe4 Rxf2 39.Qxd4 Rf1+ 40.Rxf1 Qxf1+ 41.Kb2 Rf8 42.Ra3 Rf7 43.Rc3 Qb5
44.h5 Rd7 45.Qf4 Rf7 46.Qh4 Qb8 47.hxg6 hxg6 48.Qh6+ Kg8 49.Qxg6+ Kf8 50.Qxe6 Qxb4+
51.Qb3 Qd4 52.Bh6+ Kg8 53.Ka3 Qxe5 54.Rg3+ Kh8 55.Qc3  1-0

[Event "Koge op"]
[Site "Koge"]
[Date "1997.??.??"]
[Round "1"]
[White "Petersen, Lars"]
[Black "Mortensen, Erling"]
[Result "0-1"]
[WhiteElo "2060"]
[BlackElo "2455"]

1.g3 e5 2.c4 Nf6 3.Nc3 c6 4.Nf3 d6 5.Bg2 Nbd7 6.O-O Be7 7.d3 O-O 8.b3 d5
9.cxd5 cxd5 10.Bb2 a6 11.e4 d4 12.Ne2 Ne8 13.a3 Nc7 14.b4 a5 15.Qb3 a4 16.Qc2 Nb5
17.Nd2 Nb6 18.f4 f6 19.f5 Bd7 20.Rac1 Be8 21.Nb1 Bf7 22.g4 Qd7 23.Qd2 Rfc8
24.Rxc8+ Rxc8 25.Rc1 Rc6 26.Bf3 Qc7 27.Qe1 Bb3 28.Rxc6 Qxc6 29.Qc1 Bc2 30.Nd2 Bxd3
31.Qxc6 bxc6 32.Nc1 Bc4 33.Be2 Bxe2 34.Nxe2 c5 35.bxc5 Bxc5 36.Nb1  0-1

[Event "US-op"]
[Site "Las Vegas"]
[Date "1997.??.??"]
[Round "2"]
[White "Hanken, Jerome B"]
[Black "Hodgson, Julian M"]
[Result "0-1"]
[WhiteElo "2245"]
[BlackElo "2610"]

1.c4 e5 2.g3 Nc6 3.Bg2 Nf6 4.Nc3 Bc5 5.e3 d5 6.Nxd5 Nxd5 7.cxd5 Nb4 8.Qb3 c6
9.Ne2 O-O 10.O-O Nxd5 11.d4 exd4 12.Nxd4 Bxd4 13.exd4 Nb6 14.a4 Be6 15.Qb4 a5
16.Qc5 Bd5 17.f3 Nc4 18.Re1 Re8 19.Rxe8+ Qxe8 20.Bg5 f6 21.f4 Qe3+ 22.Kh1 Bxg2+
23.Kxg2 Qe2+  0-1

[Event "US-op"]
[Site "Las Vegas"]
[Date "1997.??.??"]
[Round "4"]
[White "Hanken, Jerome B"]
[Black "Patricio, D."]
[Result "1-0"]
[WhiteElo "2245"]
[BlackElo "1920"]

1.c4 e5 2.g3 Bc5 3.Bg2 Nf6 4.Nc3 O-O 5.e3 Nc6 6.Nge2 d6 7.O-O Ne7 8.d4 Bb4
9.a3 Bxc3 10.Nxc3 c6 11.e4 Be6 12.d5 cxd5 13.cxd5 Bg4 14.f3 Qb6+ 15.Kh1 Bd7
16.Qe2 a6 17.Be3 Qd8 18.Rfc1 h6 19.Qc4 Ne8 20.Qb4 b5 21.Qb3 f5 22.f4 exf4
23.Bxf4 Ng6 24.Be3 fxe4 25.Nxe4 Bf5 26.Rf1 Qe7 27.Nc5 Ne5 28.Ne6 Rf6 29.Bd4 Rc8
30.Rfc1 Bxe6 31.dxe6 Rxc1+ 32.Rxc1 Rf5 33.Be4 Rh5 34.Qd5 Rg5 35.Rc8 Kf8 36.Be3 Rg4
37.Bf4 Nc4 38.Qf5+ Qf6 39.Qxg4 Ne5 40.Qf5  1-0

[Event "Leeuwarden op"]
[Site "Leeuwarden"]
[Date "1997.??.??"]
[Round "4"]
[White "De Boer, Sybolt"]
[Black "Etmans, Maarten D"]
[Result "1-0"]
[WhiteElo "2290"]
[BlackElo "2175"]

1.c4 e5 2.g3 Nf6 3.Bg2 g6 4.Nc3 Bg7 5.Nf3 Qe7 6.O-O O-O 7.d4 exd4 8.Nxd4 Nc6
9.Ndb5 d6 10.Bg5 Qd7 11.Bxf6 Bxf6 12.Nd5 Bd8 13.Nbxc7 Rb8 14.Nb5 a6 15.Nbc3 f5
16.e4 Qg7 17.Qd2 Ne5 18.b3 b5 19.f4 Qa7+ 20.Kh1 Ng4 21.cxb5 axb5 22.h3 Nh6
23.e5 dxe5 24.fxe5 Nf7 25.Rfe1 Bg5 26.Qb2 b4 27.Ne2 Bb7 28.e6 Nd6 29.e7 Rf7
30.Qe5 Bxe7 31.Nef4 Bf8 32.Ne6 Ne8 33.Nxf8 Rxf8 34.Ne7+ Kf7 35.Bd5+ Bxd5+
36.Qxd5+ Kg7 37.Nc6 Qa8 38.Re7+ Kh8 39.Ra7 Nf6 40.Qc5  1-0

[Event "NLD-chJ"]
[Site "Leiden"]
[Date "1997.??.??"]
[Round "7"]
[White "Middelburg, Tom"]
[Black "De Vreugt, Dennis"]
[Result "1-0"]
[WhiteElo "2195"]
[BlackElo "2255"]

1.c4 e5 2.g3 d6 3.Bg2 g6 4.Nc3 Bg7 5.Nf3 Nc6 6.Rb1 Be6 7.d3 Nf6 8.O-O O-O
9.Nd2 Qd7 10.Re1 Bh3 11.Bh1 Ng4 12.e3 f5 13.Nf3 Bh6 14.Qe2 Rae8 15.Nd1 e4
16.dxe4 fxe4 17.Nd2 Qf5 18.b4 Nd4 19.exd4 e3 20.Ne4 Rxe4 21.Nxe3 Bxe3 22.Bxe3 Re7
23.Qd2 Rfe8 24.Rb3 c6 25.a4 h5 26.a5 h4 27.a6 d5 28.cxd5 cxd5 29.axb7 Rxb7
30.Bf4 Rxe1+ 31.Qxe1 g5 32.Be5 Qe6 33.gxh4 Nxe5 34.dxe5 gxh4 35.Rxh3 Rg7+
36.Rg3 hxg3 37.hxg3 d4 38.Qe4 Rd7 39.Bf3 Qc4 40.Qg6+ Kf8 41.e6 Rc7 42.Qf6+ Kg8
43.e7 Qf7 44.Bd5 Rc1+ 45.Kh2 Rh1+ 46.Kxh1 Qxd5+ 47.Kg1  1-0

[Event "Anibal op 4th"]
[Site "Linares"]
[Date "1997.??.??"]
[Round "2"]
[White "Gamundi, Antonio"]
[Black "Rodriguez, Amador"]
[Result "1/2-1/2"]
[WhiteElo "2440"]
[BlackElo "2555"]

1.c4 e5 2.g3 Nf6 3.Bg2 Nc6 4.Nc3 Bb4 5.Nd5 Bc5 6.e3 d6 7.Ne2 O-O 8.d4 Bb6
9.h3 exd4 10.exd4 Nxd5 11.cxd5 Ne7 12.O-O Bd7 13.a4 a5 14.b3 Re8 15.Bb2 Nf5
16.Qd2 Qf6 17.Rad1 Re7 18.Kh2 Rae8 19.Ng1 h5 20.Bc3 Qh6 21.Qxh6 Nxh6 22.Rd2 Bf5
23.Bf3 g6 24.Be2 Kg7 25.Bb5 Bd7 26.Bc4 Ng8 27.Kg2 Nf6 28.Bb2 g5 29.f3 g4
30.fxg4 hxg4 31.h4 Re1 32.Rdf2 Rxf1 33.Rxf1 Re3 34.Kf2 Re8 35.Kg2 Ne4 36.Rd1 Bf5
37.Ne2 Nf6 38.Kf2 Be4 39.Nc3 Bf3 40.Rd3 Re5 41.Bc1 Rf5 42.Kg1 Nxd5 43.Nxd5 Bxd5
44.Bf4 Bf3 45.Rd2 Re5 46.Bxe5+ dxe5 47.Kf1 Bxd4 48.Bd3 c5 49.Re2 Kf6 50.Be4 Bxe4
51.Rxe4 Kf5 52.Re1 Kg6 53.Kg2 f5 54.Rf1 Be3 55.Re1 Bd4 56.Rf1 Kf6 57.Re1 b6
58.Rf1 Be3 59.Rd1 Bd4 60.Re1 Kg6  1/2-1/2

[Event "Madras"]
[Site "Madras"]
[Date "1997.??.??"]
[Round "3"]
[White "Parameswaran, Tiruchi N"]
[Black "Shankar, A."]
[Result "1-0"]
[WhiteElo "2400"]
[BlackElo "2240"]

1.g3 e5 2.c4 Nf6 3.Bg2 Nc6 4.a3 d5 5.cxd5 Nxd5 6.d3 Be6 7.Nf3 Be7 8.Nc3 O-O
9.O-O Nb6 10.b4 a5 11.b5 Nd4 12.Rb1 a4 13.Nxe5 Bf6 14.f4 Bxe5 15.fxe5 Bb3
16.Qd2 Nd5 17.Nxd5 Bxd5 18.Rb4 Bxg2 19.Kxg2 Qd7 20.Bb2 Nxb5 21.Qg5 Qd5+ 22.e4 Qxd3
23.e6 Nc3 24.e7 Rfe8 25.Qe5 c5 26.Bxc3 f6 27.Qe6+ Kh8 28.Bxf6 Ra6 29.Bxg7+ Kxg7
30.Qf7+  1-0

[Event "CRO-chT (Women)"]
[Site "Medulin"]
[Date "1997.??.??"]
[Round "?"]
[White "Chilingirova, Pavlina"]
[Black "Roschina, Tatiana"]
[Result "1/2-1/2"]
[WhiteElo "2200"]
[BlackElo "2245"]

1.c4 e5 2.g3 Nf6 3.Bg2 d5 4.cxd5 Nxd5 5.Nc3 Nb6 6.d3 Be7 7.Nf3 Nc6 8.O-O O-O
9.a3 Be6 10.b4 a5 11.b5 Nd4 12.e3 Nb3 13.Rb1 Nxc1 14.Qxc1 Qxd3 15.Rd1 Qf5
16.Nd2 Rab8 17.Nce4 Qg6 18.Qxc7 Nd5 19.Qxe5 Rfe8 20.Nc4 Rbd8 21.Ncd6 Bxd6
22.Nxd6 f6 23.Qb2 Rxd6 24.e4 Red8 25.exd5 Bxd5 26.Bxd5+ Rxd5 27.Rxd5 Rxd5
28.Rc1 Qe4 29.Qa2 Kf8 30.a4 h5 31.Qa3+ Kg8 32.Qb3 Kh8 33.Rc7 b6 34.Rc6 Rd2
35.Re6 Qf5 36.Qe3 Rd1+ 37.Kg2 Rd3 38.Qe4 Qxe4+ 39.Rxe4 Ra3 40.f3 Ra2+ 41.Kh3 Kg8
42.f4 Rb2 43.Rc4  1/2-1/2

[Event "CRO-chT2"]
[Site "Medulin"]
[Date "1997.??.??"]
[Round "?"]
[White "Foisor, Cristina Adela B"]
[Black "Puljek Salai, Zorica"]
[Result "1/2-1/2"]
[WhiteElo "2400"]
[BlackElo "2200"]

1.c4 e5 2.g3 Nf6 3.Bg2 c6 4.d4 Bb4+ 5.Bd2 Bxd2+ 6.Qxd2 d6 7.Nc3 O-O 8.e3 Be6
9.d5 cxd5 10.cxd5 Bd7 11.Nge2 Na6 12.O-O b5 13.Rfc1 Qb6 14.Nd1 b4 15.b3 Nc5
16.Nb2 a5 17.Nc4 Qa6 18.f4 exf4 19.gxf4 Nfe4 20.Qd4 Rfe8 21.Ng3 Nc3 22.Bf1 N3e4
23.Nh5 f6 24.Rc2 Kf7 25.Rac1 Rab8 26.Rg2 g6 27.Nd2 Qb6 28.Nc4 Qa6 29.Ng3 Nc3
30.f5 Bb5 31.Qf4 Bxc4 32.Bxc4 Qa7 33.Qxd6 Rxe3 34.fxg6+ hxg6 35.Rf1 Rbe8
36.Rgf2  1/2-1/2

[Event "CRO-chT"]
[Site "Medulin"]
[Date "1997.??.??"]
[Round "?"]
[White "Kovacevic, Blazimir"]
[Black "Dabo Peranic, Robert"]
[Result "1/2-1/2"]
[WhiteElo "2340"]
[BlackElo "2195"]

1.c4 e5 2.g3 d5 3.cxd5 Qxd5 4.Nf3 Bb4 5.Bg2 e4 6.Ng1 Nf6 7.a3 Ba5 8.b4 Bb6
9.Bb2 Bg4 10.f3 exf3 11.Nxf3 Nc6 12.Nc3 Qd7 13.Na4 O-O-O  1/2-1/2

[Event "Montcada op"]
[Site "Montcada"]
[Date "1997.??.??"]
[Round "7"]
[White "Vidarte Morales, Arturo"]
[Black "Bertona, Fernando"]
[Result "1/2-1/2"]
[WhiteElo "2370"]
[BlackElo "2370"]

1.c4 e5 2.g3 Nf6 3.Bg2 Nc6 4.Nf3 Bc5 5.Nc3 d6 6.O-O O-O 7.d3 a6 8.a3 h6 9.b4 Ba7
10.Bb2 Bg4 11.h3 Be6 12.Kh2 Qd7 13.Rc1 Nh7 14.Qa4 f5 15.Nd2 f4 16.c5 d5 17.e3 Qf7
18.exf4 exf4 19.Ne2 g5 20.gxf4 gxf4 21.Nf3 Qh5 22.Neg1 Ng5 23.Rce1 Rae8 24.Qd1 Kh7
25.Nxg5+ Qxg5 26.Nf3 Qh5 27.Nd2 f3 28.Nxf3 Bxh3 29.Ng5+ Qxg5 30.Bxh3 Ne5
31.Bxe5 Rxe5 32.Qg4 Qxg4 33.Bxg4 Rg5 34.Bh3 Bb8 35.Re7+ Kg6 36.c6 bxc6 37.f4 Rh5
38.Rg1+ Kf6 39.Re6+ Kf7 40.Rxc6 Ke7 41.Re6+ Kd8 42.Rg7 c6 43.Rxc6 Bxf4+ 44.Kg2 Rg5+
45.Rxg5 hxg5 46.Rxa6 Kc7 47.b5 Re8 48.Be6 Rd8 49.Rc6+ Kb7 50.a4 Rd6 51.Bc8+ Kb8
52.Rc2 Rh6 53.Bh3 g4 54.Bxg4 Rh2+ 55.Kf3 Rxc2 56.Kxf4 Ra2 57.Ke5 d4 58.Be6 Rxa4
59.Ke4 Kc7  1/2-1/2

[Event "Moravia-chT 9697"]
[Site "?"]
[Date "1997.??.??"]
[Round "?"]
[White "Malis, Jiri"]
[Black "Vyskocil, Neklan"]
[Result "0-1"]
[WhiteElo "2225"]
[BlackElo "2250"]

1.c4 e5 2.g3 d6 3.Bg2 f5 4.e3 Nf6 5.Nc3 g6 6.Nge2 Bg7 7.d4 e4 8.Nf4 Nc6 9.h4 O-O
10.b3 Qe8 11.Bb2 Qf7 12.Bf1 Ne7 13.d5 Ng4 14.Be2 Ne5 15.Qd2 a6 16.O-O-O h6
17.Rdf1 Bd7 18.f3 exf3 19.Bxf3 b5 20.Ne6 Nxf3 21.Rxf3 Bxe6 22.dxe6 Qxe6 23.Rf4 Be5
24.Re1 Kh7 25.Kb1 b4 26.Nd5 Bxf4 27.Nxf4 Qe4+ 28.Ka1 a5 29.Nh3 Nc6 30.Qh2 Ne5
31.c5 Ng4 32.Qe2 a4 33.Qb5 Rf7 34.bxa4 Nxe3  0-1

[Event "Moscow-ch (Women)"]
[Site "Moscow"]
[Date "1997.??.??"]
[Round "3"]
[White "Kudriashova, Irina"]
[Black "Savitskaya, Ekaterina P"]
[Result "1/2-1/2"]
[WhiteElo "2085"]
[BlackElo "2220"]

1.c4 e5 2.g3 Nf6 3.Bg2 d5 4.cxd5 Nxd5 5.Nc3 Nb6 6.Nf3 Nc6 7.O-O Be7 8.a3 O-O
9.b4 Re8 10.d3 Bf8 11.Be3 Bf5 12.Ng5 Qd7 13.Re1 h6 14.Nge4 Be6 15.Bc5 Bd6
16.Nb5 Nc8 17.Be3 Bf8 18.Nc5 Bxc5 19.Bxc5 Nd6 20.Nxd6 cxd6 21.Be3 d5 22.f4 d4
23.Bd2 Bd5 24.Bxd5 Qxd5 25.Rc1 exf4 26.Bxf4 b6 27.Qc2 Ne5 28.Bxe5 Qxe5 29.Qc7 Qe3+
30.Kg2 Qe6 31.Qc6 Qg4 32.Qf3 Qxf3+ 33.Kxf3 Rac8 34.Kf2 Kf8 35.Rc4 Rxc4 36.dxc4 Re3
37.Rd1 Rxa3 38.Rxd4 Ke7  1/2-1/2

[Event "Moscow-ch (Women)"]
[Site "Moscow"]
[Date "1997.??.??"]
[Round "5"]
[White "Kudriashova, Irina"]
[Black "Fatalibekova, Elena"]
[Result "0-1"]
[WhiteElo "2085"]
[BlackElo "2305"]

1.c4 e5 2.g3 f5 3.Bg2 Nf6 4.Nc3 d6 5.d4 Be7 6.d5 O-O 7.f4 e4 8.e3 Na6 9.Nh3 Nc5
10.Nf2 a5 11.O-O c6 12.b3 cxd5 13.cxd5 Bd7 14.Ba3 Rc8 15.Rc1 Qb6 16.Qd2 Qa7
17.Rfd1 Bd8 18.Bxc5 Rxc5 19.g4 Bb6 20.g5 Ne8 21.Re1 Nc7 22.Bf1 Na6 23.Nfd1 Rcc8
24.Nb2 Bc5 25.Nbd1 Nb4 26.a3 Nd3 27.Bxd3 exd3 28.Qxd3 Bxa3 29.Rc2 Qb6 30.Na4 Qb4
31.Ree2 Bb5 32.Qd2 Bxe2 33.Qxe2 Qxb3 34.Ndc3 b5 35.Nb6 Rxc3 36.Rxc3 Qxc3  0-1

[Event "NOR-chT"]
[Site "NOR"]
[Date "1997.??.??"]
[Round "2"]
[White "Egeli, Per Ove"]
[Black "Elsness, Frode"]
[Result "1/2-1/2"]
[WhiteElo "2315"]
[BlackElo "2330"]

1.c4 e5 2.g3 Nc6 3.Bg2 g6 4.Nc3 Bg7 5.d3 d6 6.e4 Nge7 7.Nge2 O-O 8.O-O f5
9.Nd5 Nxd5 10.cxd5 Ne7 11.Be3 c5 12.dxc6 Nxc6 13.d4 fxe4 14.Bxe4 Kh8 15.dxe5 dxe5
16.Qxd8 Rxd8 17.Rfd1 Be6 18.b3  1/2-1/2

[Event "NOR-chT"]
[Site "NOR"]
[Date "1997.??.??"]
[Round "6"]
[White "Egeli, Per Ove"]
[Black "Royset, Paal"]
[Result "1-0"]
[WhiteElo "2315"]
[BlackElo "2240"]

1.c4 e5 2.g3 Nc6 3.Bg2 g6 4.Nc3 Bg7 5.d3 d6 6.e4 Nd4 7.Nge2 h5 8.h3 h4 9.Nxd4 exd4
10.Ne2 hxg3 11.Nxg3 Qh4 12.Qf3 Be5 13.Ne2 g5 14.Bd2 Ne7 15.O-O-O g4 16.hxg4 Bxg4
17.Rxh4 Rxh4 18.Nxd4 Bxf3 19.Nxf3 Rh8 20.d4 Bg7 21.e5 O-O-O 22.Ng5 Rh2 23.Bh3+ Kb8
24.Bf4 Rxf2 25.Bg3 Re2 26.exd6 cxd6 27.Bf1 Re3 28.Bf4 Nf5 29.Nxf7 Rd7 30.Nxd6 Rxd6
31.c5 Bh6 32.Bxd6+ Nxd6 33.cxd6 Rd3+ 34.Kc2 Rxd1 35.Kxd1 Kc8 36.Bh3+ Kd8
37.Kc2 Bf4 38.d7 Kc7 39.Bg2 Bg5 40.Kd3 Be7 41.Kc4 Bh4 42.Bh3 Kd6 43.Kd3 Bd8
44.Ke4 Bc7 45.Kf4 Ke7+ 46.Ke3 Kd6 47.Bg2 Kxd7 48.Bxb7 Kd6 49.Kd3 Bd8 50.Kc4 Bb6
51.b4 Bd8 52.Bf3 Bf6 53.a4 Bd8 54.a5 Bf6 55.Bg2 Bd8 56.Bf3 Bf6 57.b5 Kc7
58.b6+ axb6 59.a6 Kb8 60.Bc6 Bg7 61.Bb5 Kc7 62.Kd5 Bf6 63.Ke4 Bg7 64.d5 Bf8
65.Ke5 Bd6+ 66.Ke6 Bg3 67.Bc6 Kb8 68.d6 Ka7 69.Bb5 Bh4 70.Kd7 Bg3 71.Ke7 Kb8
72.d7 Bh4+ 73.Ke8 Kc7 74.Be2 Bg5 75.Bd3 Bh4 76.Be4 Kb8 77.Bc6 Ka7 78.Bb5  1-0

[Event "NOR-chT"]
[Site "NOR"]
[Date "1997.??.??"]
[Round "7"]
[White "Hagesaether, Paal Vegard"]
[Black "Royset, Jon K"]
[Result "1-0"]
[WhiteElo "2205"]
[BlackElo "2270"]

1.c4 e5 2.g3 Nc6 3.Bg2 Bc5 4.Nc3 Nge7 5.e3 d6 6.Nge2 O-O 7.d4 exd4 8.Nxd4 Bd7
9.O-O Qc8 10.b3 Bxd4 11.exd4 Bh3 12.Re1 Bxg2 13.Kxg2 Qd7 14.d5 Ne5 15.f4 N5g6
16.Bb2 a6 17.Ne4 f6 18.h4 h6 19.h5 Nh8 20.Nf2 Rae8 21.Re6 b5 22.Qe2 c6 23.Re1 Kf7
24.Qe4 f5 25.Qd4  1-0

[Event "Orense op"]
[Site "Orense"]
[Date "1997.??.??"]
[Round "4"]
[White "Gil Reguera, Juan Carlos"]
[Black "Servat, Roberto"]
[Result "1-0"]
[WhiteElo "2310"]
[BlackElo "2460"]

1.c4 e5 2.g3 Nf6 3.Bg2 Nc6 4.Nc3 Bb4 5.Nd5 Bc5 6.e3 Nxd5 7.cxd5 Nb4 8.d4 exd4
9.exd4 Be7 10.a3 Na6 11.Ne2 O-O 12.O-O c6 13.Bf4 cxd5 14.Nc3 d6 15.Nxd5 Be6
16.Re1 Re8 17.Nxe7+ Rxe7 18.Qh5 d5 19.Bxd5 Bxd5 20.Rxe7 Qxe7 21.Qxd5 Rd8
22.Qc4 Qd7 23.Rd1 Nb8 24.d5 Nc6 25.Rd2 Ne7 26.d6 Ng6 27.Qd4 a6 28.Kg2 Qg4
29.Rd3 Nxf4+ 30.Qxf4 Qxf4 31.gxf4 f5 32.Rb3 b5 33.a4 bxa4 34.Rb6 a5 35.Ra6 Kf7
36.Rxa5 Rxd6 37.Rxa4 Rb6 38.b4 Ke6 39.Kf3 Kd5 40.Ra5+ Kc4 41.Rxf5 Kxb4 42.Rf7 Rg6
43.f5 Rg1 44.Rc7 Kb5 45.Ke4 Rg2 46.f4 Kb6 47.Rf7 Kc6 48.f6 Kd6 49.Rxg7 Rxh2
50.Ra7  1-0